00429 2200157 4500001002100000008004100021035002000062245005900082100001900141260003100160300002000191020000600211082001000217650003100227990001300258INLIS000000000000664 ind  a0010-0423000664 aDONGENG PENGANTAR TIDUR ASAL MULA CANDI RORO JONGGRANG aSASTRA PRATAMA aSURABAYAbKARYA JAYAc2010 a64 hlm.c20 cm. a- a398.5 aBUKU-BUKU DONGENG , BALADA a102584-1